| 000 | 00394nam a2200145Ia 4500 | ||
|---|---|---|---|
| 005 | 20260326100044.0 | ||
| 008 | 260326s9999||||xx |||||||||||||| ||und|| | ||
| 100 | _aCentellas, Miguel | ||
| 245 | 0 |
_aJosé Maria García de Paredes / _cMiguel Centellas |
|
| 260 | _bFundación Arquitectura | ||
| 300 | _a70 p. | ||
| 440 |
_aDocumentos de Arquitectuta _nN 22 |
||
| 650 | _aARQUITECTOS | ||
| 942 | _cBK | ||
| 999 |
_c7108 _d7108 |
||